| 000 | 00713nam a2200241 u 4500 | ||
|---|---|---|---|
| 001 | 000055773 | ||
| 005 | 20200120223145.0 | ||
| 008 | 100923s2011 ck a gr 000 0 spa d | ||
| 020 | _a9789587106534 | ||
| 043 | _as-ck--- | ||
| 090 | 0 | 4 |
_aAP _bDIAJ |
| 100 | 1 | _aDíaz-Granados, José Luis | |
| 245 | 1 | 0 |
_aLa fiesta perpetua : _bselección / _cJosé Luis Díaz-Granados. |
| 250 | _a1a. ed. | ||
| 260 |
_aBogotá : _bUniversidad Externado de Colombia, _c2011. |
||
| 300 | _a72 p. | ||
| 490 | 0 |
_aUn libro por centavos. El Malpensante _v66 |
|
| 650 | 1 | 4 | _aPoesía adulto |
| 650 | 2 | 4 | _aLiteratura adulto |
| 650 | 2 | 4 | _aLiteratura colombiana |
| 650 | 2 | 4 | _aAmor en la literatura |
| 650 | 2 | 4 | _aSueños en la literatura |
| 999 |
_c5323 _d5323 |
||